MARC details
| 000 -CABECERA |
| campo de control de longitud fija |
03833nam a2200529Ia 4500 |
| 001 - NÚMERO DE CONTROL |
| campo de control |
dia_1743 |
| 003 - IDENTIFICADOR DEL NÚMERO DE CONTROL |
| campo de control |
CHAP |
| 005 - FECHA Y HORA DE LA ÚLTIMA TRANSACCIÓN |
| campo de control |
20240503125705.0 |
| 007 - CAMPO FIJO DE DESCRIPCIÓN FÍSICA--INFORMACIÓN GENERAL |
| campo de control de longitud fija |
ta |
| 008 - DATOS DE LONGITUD FIJA--INFORMACIÓN GENERAL |
| campo de control de longitud fija |
220117s2015 mx bdeofr 001 0 spa d |
| 040 ## - FUENTE DE LA CATALOGACIÓN |
| Centro/agencia transcriptor |
CHAP |
| Centro catalogador/agencia de origen |
mxchpua |
| 090 ## - LOCALMENTE ASIGNADO TIPO-LC NÚMERO DE CLASIFICACIÓN (OCLC); NÚMERO DE CLASIFICACIÓN LOCAL (RLIN) |
| Número de clasificación (OCLC) (R) ; Numero de clasificación, CALL (RLIN) (NR) |
T.C.711 |
| Número cutter local (OCLC) ; Número de libro/Signatura topográfica íntegra, CALL (RLIN) |
S26 EIUPA |
| Año |
2015 |
| 245 13 - MENCIÓN DE TÍTULO |
| Título |
Cooperativa Campesina Intercomunal Peumo Coopeumo Ltda. : |
| Resto del título |
región Libertador Bernardo O´Higgins, Chile / |
| Mención de responsabilidad, etc. |
coordinadora Ofelia Sandoval Castilla ; colaboradores Julio César Briones Juárez...[et al.] |
| 260 ## - PUBLICACIÓN, DISTRIBUCIÓN, ETC. |
| Lugar de publicación, distribución, etc. |
México : |
| Nombre del editor, distribuidor, etc. |
El autor, |
| Fecha de publicación, distribución, etc. |
2015 |
| 300 ## - DESCRIPCIÓN FÍSICA |
| Extensión |
116 hojas : |
| Otras características físicas |
mapas, gráficas, diagramas, tablas, fotos, planos + |
| Material acompañante/anejo |
1 CD-ROM |
| 336 ## - TIPO DE CONTENIDO |
| Fuente |
rdacontent |
| Término de tipo de contenido |
texto |
| Código de tipo de contenido |
txt |
| 337 ## - TIPO DE MEDIO |
| Fuente |
rdamedia |
| Nombre/término del tipo de medio |
no mediado |
| Código del tipo de medio |
n |
| 338 ## - TIPO DE SOPORTE |
| Fuente |
rdacarrier |
| Nombre/término del tipo de soporte |
volumen |
| Código del tipo de soporte |
nc |
| 500 ## - NOTA GENERAL |
| Nota general |
Grado 7° Grupo 4<br/>El CD contiene reporte y planos<br/> |
| 502 ## - NOTA DE TESIS |
| Nota de tesis |
Viaje de estudios |
| Tipo de título |
(EIUPA) -- |
| Nombre de la institución que otorga el título |
UACh. Departamento de Ingeniería Agroindustrial, |
| Año de obtención del título |
2015 |
| 504 ## - NOTA DE BIBLIOGRAFÍA, ETC. |
| Nota de bibliografía, etc. |
Bibliografía: hojas 112-116 |
| 505 ## - NOTA DE CONTENIDO CON FORMATO |
| Nota de contenido con formato |
9 planos --<br/>1. Plano general de distribución de áreas (propuesta) (Esc. 1:500) -- <br/>2. Plano general de distribución de áreas (actual) (Esc. 1:500) -- <br/>3. Plano de distribución de áreas actual(Esc. 1:50) -- <br/>4. Plano de distribución de áreas ideal (planta ciruela) (Esc. 1:50) -- <br/>5. Plano de distribución de áreas propuesta (planta ciruela) (Esc. 1:50) -- <br/>6. Plano de distribución de áreas propuesta (planta hortalizas) (Esc. 1:50) -- <br/>7. Plano de distribución de equipos actual (planta ciruela) (Esc. 1:50) -- <br/>8. Plano de distribución de equipos ideal (planta ciruela) (Esc. 1:50) --<br/>9. Plano de distribución de equipos propuesta (planta ciruela) (Esc. 1:50) |
| 650 13 - PUNTO DE ACCESO ADICIONAL DE MATERIA--TÉRMINO DE MATERIA |
| Término de materia o nombre geográfico como elemento de entrada |
Frutos |
| 9 (RLIN) |
150524 |
| 650 13 - PUNTO DE ACCESO ADICIONAL DE MATERIA--TÉRMINO DE MATERIA |
| Término de materia o nombre geográfico como elemento de entrada |
Industria agrícola |
| 9 (RLIN) |
151807 |
| Subdivisión geográfica |
Chile |
| 650 13 - PUNTO DE ACCESO ADICIONAL DE MATERIA--TÉRMINO DE MATERIA |
| Término de materia o nombre geográfico como elemento de entrada |
Verduras |
| 9 (RLIN) |
150530 |
| 650 13 - PUNTO DE ACCESO ADICIONAL DE MATERIA--TÉRMINO DE MATERIA |
| Término de materia o nombre geográfico como elemento de entrada |
Agricultural industry |
| 9 (RLIN) |
151806 |
| Subdivisión geográfica |
Chile |
| 650 13 - PUNTO DE ACCESO ADICIONAL DE MATERIA--TÉRMINO DE MATERIA |
| Término de materia o nombre geográfico como elemento de entrada |
Fruits |
| 9 (RLIN) |
150789 |
| 650 13 - PUNTO DE ACCESO ADICIONAL DE MATERIA--TÉRMINO DE MATERIA |
| Término de materia o nombre geográfico como elemento de entrada |
Vegetables |
| 9 (RLIN) |
151808 |
| 700 1# - PUNTO DE ACCESO ADICIONAL--NOMBRE DE PERSONA |
| Nombre de persona |
Sandoval Castilla, Ofelia |
| 9 (RLIN) |
151810 |
| Término indicativo de función/relación |
coordinadora |
| 700 1# - PUNTO DE ACCESO ADICIONAL--NOMBRE DE PERSONA |
| Nombre de persona |
Briones Juárez, Julio César |
| 9 (RLIN) |
134758 |
| Término indicativo de función/relación |
colaborador |
| 856 41 - LOCALIZACIÓN Y ACCESO ELECTRÓNICOS |
| Identificador Uniforme del Recurso |
<a href="http://10.13.5.2/ve/TC711EIUPA/TC711EIUPA2015-PLANO-DISTRIBUCIONDEAREASGENERALPOPUESTA.pdf">http://10.13.5.2/ve/TC711EIUPA/TC711EIUPA2015-PLANO-DISTRIBUCIONDEAREASGENERALPOPUESTA.pdf</a> |
| Texto de enlace |
DESCARGAR PLANO GENERAL DE DISTRIBUCIÓN DE ÁREAS (PROPUESTA) |
| 856 41 - LOCALIZACIÓN Y ACCESO ELECTRÓNICOS |
| Identificador Uniforme del Recurso |
<a href="http://10.13.5.2/ve/TC711EIUPA/TC711EIUPA2015-PLANO-DISTRIBUCIONGENERALDEAREAS.pdf">http://10.13.5.2/ve/TC711EIUPA/TC711EIUPA2015-PLANO-DISTRIBUCIONGENERALDEAREAS.pdf</a> |
| Texto de enlace |
DESCARGAR PLANO GENERAL DE DISTRIBUCIÓN DE ÁREAS (ACTUAL) |
| 856 41 - LOCALIZACIÓN Y ACCESO ELECTRÓNICOS |
| Identificador Uniforme del Recurso |
<a href="http://10.13.5.2/ve/TC711EIUPA/TC711EIUPA2015-PLANO-DISTRIBUCIONDEAREASACTUAL.pdf">http://10.13.5.2/ve/TC711EIUPA/TC711EIUPA2015-PLANO-DISTRIBUCIONDEAREASACTUAL.pdf</a> |
| Texto de enlace |
DESCARGAR PLANO DE DISTRIBUCIÓN DE ÁREAS ACTUAL |
| 856 41 - LOCALIZACIÓN Y ACCESO ELECTRÓNICOS |
| Identificador Uniforme del Recurso |
<a href="http://10.13.5.2/ve/TC711EIUPA/TC711EIUPA2015-PLANO-DISTRIBUCIONDEAREAS.pdf">http://10.13.5.2/ve/TC711EIUPA/TC711EIUPA2015-PLANO-DISTRIBUCIONDEAREAS.pdf</a> |
| Texto de enlace |
DESCARGAR PLANO DE DISTRIBUCIÓN DE ÁREAS IDEAL (PLANTA CIRUELA) |
| 856 41 - LOCALIZACIÓN Y ACCESO ELECTRÓNICOS |
| Identificador Uniforme del Recurso |
<a href="http://10.13.5.2/ve/TC711EIUPA/TC711EIUPA2015-PLANO-DISTRIBUCIONDEAREASPROPUESTA.pdf">http://10.13.5.2/ve/TC711EIUPA/TC711EIUPA2015-PLANO-DISTRIBUCIONDEAREASPROPUESTA.pdf</a> |
| Texto de enlace |
DESCARGAR PLANO DE DISTRIBUCIÓN DE ÁREAS PROPUESTA (PLANTA CIRUELA) |
| 856 41 - LOCALIZACIÓN Y ACCESO ELECTRÓNICOS |
| Identificador Uniforme del Recurso |
<a href="http://10.13.5.2/ve/TC711EIUPA/TC711EIUPA2015-PLANO-DISTRIBUCIONPROPUESTAHORTALIZAS.pdf">http://10.13.5.2/ve/TC711EIUPA/TC711EIUPA2015-PLANO-DISTRIBUCIONPROPUESTAHORTALIZAS.pdf</a> |
| Texto de enlace |
DESCARGAR PLANO DE DISTRIBUCIÓN DE ÁREAS PROPUESTA (PLANTA HORTALIZAS) |
| 856 41 - LOCALIZACIÓN Y ACCESO ELECTRÓNICOS |
| Identificador Uniforme del Recurso |
<a href="http://10.13.5.2/ve/TC711EIUPA/TC711EIUPA2015-PLANO-DISTRIBUCIONDEEQUIPOACTUAL.pdf">http://10.13.5.2/ve/TC711EIUPA/TC711EIUPA2015-PLANO-DISTRIBUCIONDEEQUIPOACTUAL.pdf</a> |
| Texto de enlace |
DESCARGAR PLANO DE DISTRIBUCIÓN DE EQUIPOS ACTUAL (PLANTA CIRUELA) |
| 856 41 - LOCALIZACIÓN Y ACCESO ELECTRÓNICOS |
| Identificador Uniforme del Recurso |
<a href="http://10.13.5.2/ve/TC711EIUPA/TC711EIUPA2015-PLANO-DISTRIBUCIONDEEQUIPODETALLADO.pdf">http://10.13.5.2/ve/TC711EIUPA/TC711EIUPA2015-PLANO-DISTRIBUCIONDEEQUIPODETALLADO.pdf</a> |
| Texto de enlace |
DESCARGAR PLANO DE DISTRIBUCIÓN DE EQUIPOS IDEAL (PLANTA CIRUELA) |
| 856 41 - LOCALIZACIÓN Y ACCESO ELECTRÓNICOS |
| Identificador Uniforme del Recurso |
<a href="http://10.13.5.2/ve/TC711EIUPA/TC711EIUPA2015-PLANO-DISTRIBUCIONDEEQUIPOPROPUESTA.pdf">http://10.13.5.2/ve/TC711EIUPA/TC711EIUPA2015-PLANO-DISTRIBUCIONDEEQUIPOPROPUESTA.pdf</a> |
| Texto de enlace |
DESCARGAR PLANO DE DISTRIBUCIÓN DE EQUIPOS PROPUESTA (PLANTA CIRUELA) |
| 856 41 - LOCALIZACIÓN Y ACCESO ELECTRÓNICOS |
| Identificador Uniforme del Recurso |
<a href="http://10.13.5.2/ve/TC711EIUPA/TC711EIUPA2015-REPORTE.pdf">http://10.13.5.2/ve/TC711EIUPA/TC711EIUPA2015-REPORTE.pdf</a> |
| Texto de enlace |
DESCARGAR REPORTE |
| 942 ## - ELEMENTOS DE PUNTO DE ACCESO ADICIONAL (KOHA) |
| Fuente del sistema de clasificación o colocación |
Clasificación Universidad Autónoma de Chapingo |
| 901 ## - ELEMENTOS DE DATOS A LOCAL LDA (RLIN) |
| a |
T.C.711 S26 EIUPA 2015 |
| 902 ## - ELEMENTOS DE DATOS B LOCAL, LDB (RLIN) |
| a |
M |
| 905 ## - ELEMENTOS DE DATOS E LOCAL, LDE (RLIN) |
| a |
5232272015 mx enml8223123322spa16 |
| 942 ## - ELEMENTOS DE PUNTO DE ACCESO ADICIONAL (KOHA) |
| Tipo de ítem Koha |
Viaje de Estudios |